ARRUPE JESUIT UNIVERSITY

CORONAVIRUS -STOP THE SPREAD - CLEAN,DISINFECT,COVER

American Jesuits and the world : (Record no. 127636)

MARC details
000 -LEADER
fixed length control field 01589cam a2200325 i 4500
001 - CONTROL NUMBER
control field 19022804
003 - CONTROL NUMBER IDENTIFIER
control field ARRUPE
005 - DATE AND TIME OF LATEST TRANSACTION
control field 20180314145539.0
008 - FIXED-LENGTH DATA ELEMENTS--GENERAL INFORMATION
fixed length control field 160321s2016 nju b 001 0 eng
010 ## - LIBRARY OF CONGRESS CONTROL NUMBER
LC control number 2016013493
020 ## - INTERNATIONAL STANDARD BOOK NUMBER
International Standard Book Number 9780691171623 (hardcover : alk. paper)
040 ## - CATALOGING SOURCE
Original cataloging agency DLC
Language of cataloging eng
Transcribing agency DLC
Description conventions rda
Modifying agency DLC
042 ## - AUTHENTICATION CODE
Authentication code pcc
043 ## - GEOGRAPHIC AREA CODE
Geographic area code n-us---
050 00 - LIBRARY OF CONGRESS CALL NUMBER
Classification number BX3708
Item number .M34 2016
082 00 - DEWEY DECIMAL CLASSIFICATION NUMBER
Classification number 271/.5302
Edition number 23
300 ## - PHYSICAL DESCRIPTION
Dimensions 24 cm.
100 1# - MAIN ENTRY--PERSONAL NAME
Personal name McGreevy, John T.,
Relator term author.
9 (RLIN) 40605
245 10 - TITLE STATEMENT
Title American Jesuits and the world :
Remainder of title how an embattled religious order made modern Catholicism global /
Statement of responsibility, etc John T. McGreevy.
260 ## - PUBLICATION, DISTRIBUTION, ETC. (IMPRINT)
Place of publication, distribution, etc New Jersey
Name of publisher, distributor, etc Princeton University Press
Date of publication, distribution, etc 2016
300 ## - PHYSICAL DESCRIPTION
Extent viii, 315 p. ;
504 ## - BIBLIOGRAPHY, ETC. NOTE
Bibliography, etc Includes bibliographical references and index.
505 0# - FORMATTED CONTENTS NOTE
Formatted contents note Nineteenth-century Jesuits and their critics -- Ellsworth, Maine: education and religious liberty -- Westphalia, Missouri: nation -- Grand Couteau, Louisiana: miracle -- Philadelphia, Pennsylvania: Americans -- Manila, Philippines: empire.
610 20 - SUBJECT ADDED ENTRY--CORPORATE NAME
Corporate name or jurisdiction name as entry element Jesuits
Geographic subdivision United States
General subdivision History.
9 (RLIN) 40606
610 20 - SUBJECT ADDED ENTRY--CORPORATE NAME
Corporate name or jurisdiction name as entry element Jesuits.
9 (RLIN) 8693
650 #0 - SUBJECT ADDED ENTRY--TOPICAL TERM
Topical term or geographic name as entry element Globalization
General subdivision Religious aspects
-- Catholic Church.
9 (RLIN) 25506
906 ## - LOCAL DATA ELEMENT F, LDF (RLIN)
a 7
b cbc
c orignew
d 1
e ecip
f 20
g y-gencatlg
942 ## - ADDED ENTRY ELEMENTS (KOHA)
Source of classification or shelving scheme Library of Congress Classification
Koha item type Monograph ( Printed materials)
Holdings
Withdrawn status Lost status Source of classification or shelving scheme Damaged status Not for loan Collection code Home library Current library Shelving location Date acquired Total Checkouts Full call number Barcode Date last seen Price effective from Koha item type
    Library of Congress Classification     Main Collection ARRUPE LIBRARY ARRUPE LIBRARY Main Collection 14/03/2018   BX3708 .M34 2016 46600001122 14/03/2018 14/03/2018 Monograph ( Printed materials)

 

Arrupe Library. PO Box MP320 Mt Pleasant, Harare, Zimbabwe
263 242 745411|librarian@aju.ac.zw